Ethnic futures : (Record no. 520)
[ view plain ]
| 000 -LEADER | |
|---|---|
| fixed length control field | 00793cam a2200229 a 4500 |
| 001 - CONTROL NUMBER | |
| control field | 740385 |
| 005 - DATE AND TIME OF LATEST TRANSACTION | |
| control field | 20240229050754.0 |
| 008 - FIXED-LENGTH DATA ELEMENTS--GENERAL INFORMATION | |
| fixed length control field | 990609s1999 ii b 001 0 eng |
| 020 ## - INTERNATIONAL STANDARD BOOK NUMBER | |
| ISBN | 0761993592 (cloth) |
| 020 ## - INTERNATIONAL STANDARD BOOK NUMBER | |
| ISBN | 0761993606 (pbk.) |
| 040 ## - CATALOGING SOURCE (பட்டியலாக்க மூலம்) | |
| Original cataloging agency | DLC |
| Transcribing agency | DLC |
| Modifying agency | DLC |
| 082 00 - DDC Classification | |
| Class No. | 323.1 |
| DDC Edition Number | 21 |
| Item Number - Author Mark | ETH. |
| 100 ## - MAIN ENTRY--PERSONAL NAME | |
| Personal name | Czarnecka, pfaff Joanna. |
| 245 00 - TITLE STATEMENT | |
| Title | Ethnic futures : |
| Remainder of title | the state and identity politics in Asia / |
| Statement of responsibility, etc. | Joanna Pfaff-Czarnecka ... [et al.]. |
| 260 ## - PUBLICATION, DISTRIBUTION, ETC. | |
| Place of publication, distribution, etc. | New Delhi ; |
| -- | Thousand Oaks, CA : |
| Name of publisher, distributor, etc. | Sage Publications, |
| Date of publication, distribution, etc. | 1999. |
| 300 ## - PHYSICAL DESCRIPTION | |
| Extent (e.g. Volumes, Pages etc.) | 209 p. ; |
| 650 #0 - SUBJECT ADDED ENTRY--TOPICAL TERM | |
| Topical term or geographic name entry element | Identity politics |
| 700 2# - ADDED ENTRY--PERSONAL NAME | |
| Personal name | Pfaff-Czarnecka, Joanna. |
| Relator term (Role) | Editor |
| 856 42 - ELECTRONIC LOCATION AND ACCESS | |
| Uniform Resource Identifier | <a href="http://www.loc.gov/catdir/enhancements/fy0657/99016908-d.html">http://www.loc.gov/catdir/enhancements/fy0657/99016908-d.html</a> |
| 856 41 - ELECTRONIC LOCATION AND ACCESS | |
| Uniform Resource Identifier | <a href="http://www.loc.gov/catdir/enhancements/fy0657/99016908-t.html">http://www.loc.gov/catdir/enhancements/fy0657/99016908-t.html</a> |
| 942 ## - Koha item type (Biblio) | |
| Koha item type | Books in Stacks (Lending) |
| Lost status | Damaged status | Collection code | Home library | Current library | Date acquired | Full call number | Accession Number | Item type |
|---|---|---|---|---|---|---|---|---|
| Lending | WERC Library | WERC Library | 02/29/2024 | 323.1 ETH. | 4315 | Books in Stacks (Lending) |
